000 00408nam a2200157 a 4500
005 20140311163003.0
008 030127s19uu xx 00 eng d
050 _aTK 5105.875
_b.H157 2002
100 _aHalbert, Terry
245 _aCyber Ethics /
_cTerry Halbert.
300 _a260 p. :
_c26 cm.
521 _aIT
650 _aInternet
_xmoral & ethical aspects
942 _cBK
_2lcc
_kFOR
999 _c39250
_d39250